|
|
|
|
| LEADER |
00000naa2a2200000 4500 |
| 001 |
115703 |
| 005 |
20231031122828.0 |
| 035 |
|
|
|a (RuTPU)RU\TPU\book\125141
|
| 090 |
|
|
|a 115703
|
| 100 |
|
|
|a 20070514d2006 k y0rusy50 ca
|
| 101 |
0 |
|
|a rus
|
| 102 |
|
|
|a RU
|
| 200 |
1 |
|
|a Использование характеристик относительных приростов для выбора оптимального режима работы ТЭС
|f М. Г. Лелик
|
| 320 |
|
|
|a Библиогр.: 3 назв.
|
| 461 |
|
1 |
|0 (RuTPU)RU\TPU\book\111998
|t Современные техника и технологии
|o 12-я международная научно-практическая конференция студентов, аспирантов и молодых ученых, г. Томск, 27 марта - 31 марта 2006 г.
|o труды в 2 т.
|f Томский политехнический университет
|d 2006
|
| 463 |
|
0 |
|0 (RuTPU)RU\TPU\book\114157
|t Т. 2
|v С. 373-375
|d 2006
|p 518 с.
|
| 610 |
1 |
|
|a ТЭС
|
| 610 |
1 |
|
|a режимы работы
|
| 610 |
1 |
|
|a характеристики относительных приростов
|
| 610 |
1 |
|
|a энергетика
|
| 610 |
1 |
|
|a распределение мощностей
|
| 610 |
1 |
|
|a труды учёных ТПУ
|
| 700 |
|
1 |
|a Лелик
|b М. Г.
|
| 801 |
|
1 |
|a RU
|b 63413507
|c 20070514
|g PSBO
|
| 801 |
|
2 |
|a RU
|b 63413507
|c 20141105
|g RCR
|
| 942 |
|
|
|c BK
|